Vista normal
Vista MARC
- Sordos
Entrada Materia
Número de registros utilizados en: 2
001 - NÚMERO DE CONTROL
- campo de control: 1805
003 - IDENTIFICADOR DEL NÚMERO DE CONTROL
- campo de control: ES-MaFIAP
005 - FECHA Y HORA DE LA ÚLTIMA TRANSACCIÓN
- campo de control: 20231128111705.0
008 - DATOS DE LONGITUD FIJA
- campo de control de longitud fija: 231128|| aca||aabn | a|a d
040 ## - FUENTE DE LA CATALOGACIÓN
- Centro catalogador/agencia de origen: ES-MaFIAP
- Centro/agencia transcriptor: ES-MaFIAP
150 ## - ENCABEZAMIENTO--TÉRMINO DE MATERIA
- Término de materia o nombre geográfico como elemento de entrada: Sordos
- Subdivisión general: Educación
- Subdivisión de forma: Congresos y asambleas
670 ## - FUENTE DE DATOS ENCONTRADOS
- Cita de la fuente: Work cat.: (ES-MaFIAP)668: Congreso Nacional de Educadores de Sordos 6º 1981 Zaragoza 1804, VI Congreso Nacional de Educadores de Sordos, D. L. 1982





